000 00447nam a2200193Ia 4500
003 IT-RoPAU
005 20220918175606.0
008 120407s9999 xx 000 0 und d
040 _aIT-RoPAU
040 _cIT-RoPAU
041 _aita
100 _aSanti Pesce
_914454
100 _cmons.
_934893
245 _aE’ possibile la visione beatifica in una anima viatrice?
300 _c cm
490 _v1
942 _cBK
_2ddc
999 _c20506
_d20506